000 00530nam a2200193 a 4500
005 20140310183349.0
008 070606s19uu xx 00 eng d
020 _a1412907985
050 _aPN 4784.S6
_b.B69 2006
100 _aBoyle, Raymond
245 _aSports Journalism :
_bcontext and issues /
_cRaymond Boyle
260 _aLondon :
_bSage Publications,
_c2006.
300 _a198 p. :
_c25 cm.
521 _aMC
650 _aSports journalism.
650 _aPublic relations.
942 _cBK
_2lcc
_kFOR
999 _c22028
_d22028